LEADER 01930nam a22003855a 4500
001 CEM.cems000229
005 20060209000000.0
008 130507s1974##################000#0#####d
003 CEMS
082 0 4 |a 982 
245 0 0 |a La clase media en el poder 
260 |a Buenos Aires :  |b Centro Editor de América Latina,  |c 1974 
300 |a 280 p. 
500 |a Fotocopia 
505 0 |a El orden internacional 1914-1929 -- Las presidencias de Yrigoyen / Ismael Viñas -- La población argentina estancada / Elena M. Chiozza -- Democratización de la vida política -- La semana trágica / Hugo del Campo -- Los gobiernos radicales (1916-1930) -- Un drama olvidado: las huelgas patagónicas de 1920-21 / Susana Florito -- Producción y tecnología en la región pampeana / Osvaldo Barsky ; Horacio Ciafardini ; Carlos Alberto Cristiá -- La reacción nacionalista / Ismael Viñas -- El proceso cultural a partir de la primera guerra mundial / Héctor P. Agosti -- La reforma universitaria / Pablo Lejarraga ; Jorge E. Roulet ; Bernardo Kleiner -- Los estudiantes y la reforma / Mario L. Brebbia ; Aldo P. Casella ; Eduardo Garat ; Rodolfo Sáenz ; Enrique A. Dratman ; Luciano Valdez -- El 6 de septiembre de 1930 / Antonio J. Cayró 
653 |a Historia 
653 |a Historia argentina 
700 1 |a Viñas, Ismael 
700 1 |a Chiozza, Elena M. 
700 1 |a Campo, Hugo del 
700 1 |a Florito, Susana 
700 1 |a Barsky, Osvaldo 
700 1 |a Ciafardini, Horacio 
700 1 |a Cristiá, Carlos Alberto 
700 1 |a Agost, Héctor P. 
700 1 |a Lejarraga, Pablo 
700 1 |a Roulet, Jorge E. 
700 1 |a Kleiner, Bernardo / Brebbia. Mario L. 
700 1 |a Casella, Aldo P. 
700 1 |a Garat, Eduardo 
700 1 |a Sáenz, Rodolfo 
700 1 |a Dratman, Enrique A. 
700 1 |a Valdez, Luciano 
700 1 |a Cayró, Antonio J. 
859 |a CEMS  |b BIB. CEMS - 11 de abril  |h 982  |i H629  |p 11239.82  |t Ej.1  |v VI  |3 VI